000 00341 a2200157 4500
001 161003
020 _a85-280-0089-3
040 _cMagnum
100 _aMartins, Sérgio Francisco
240 1 0 _aPela boca de gumex
_lpor
245 1 0 _aPela boca de gumex
300 _a72
362 0 _a1989
697 _aLITERATURA JUVENIL
942 _cBK
999 _c161003
_d161003